Wizarding World: Divided Name Puzzle #3 - Statistics

General Stats
  • This quiz has been taken 340 times
  • The average score is 16 of 20
Answer Stats
First Name % Correct
BELL AT RIX Bellatrix
97%
NYM PHA DORA Nymphadora
96%
GILD ER OY Gilderoy
95%
LAV EN DER Lavender
93%
HER MI ONE Hermione
92%
XEN OPHI LIUS Xenophilius
92%
DOL OR ES Dolores
88%
DU DL EY Dudley
84%
NAR CIS SA Narcissa
82%
ANG EL INA Angelina
81%
MIN ER VA Minerva
81%
LU CI US Lucius
80%
ABE RFO RTH Aberforth
78%
CORN ELI US Cornelius
78%
KIN GS LEY Kingsley
76%
BAT HIL DA Bathilda
72%
ARA BEL LA Arabella
71%
NE VIL LE Neville
67%
SE VE RUS Severus
64%
CHA RL IE Charlie
61%
No matching quizzes found
Score Distribution
Percent of People with Each Score
Percentile by Number Answered
Your Score History
You have not taken this quiz